000 00188 a2200097 4500
020 _a9781547606252
041 _aeng
100 _agillian Mcdunn
245 _ahonestly Elliott
942 _cBK
999 _c30742
_d30740